LEADER 01475nam--2200421---450- 001 990000870820203316 005 20020408144819.0 035 $a0087082 035 $aUSA010087082 035 $a(ALEPH)000087082USA01 035 $a0087082 100 $a20020114d1991----km-y0itay0103----ba 101 $aeng 102 $aUS 105 $a||||||||001yy 200 1 $aEffect of load and other parameters on instantaneous friction torque in reciprocating engines$fStanley L. Marek and Naeim A. Heneim, Walter Bryzik 210 $aWarrendale$cSAE$dc1991 215 $a9 p$cill.$d30 cm 225 2 $aSAE technical paper series$v910752 300 $aIn custodia 300 $aTit. della cop.$aIn cop.: International congress and exposition, Detroit, Michigan, February 25- March 1, 1991 410 $12001 606 0 $aMotori di automobile$xCongressi$z1991 676 $a629.25 700 1$aMAREK,$bStanley L.$0551352 701 1$aHENEIN,$bNaeim A.$0551181 701 1$aBRYZIK,$bWalter$0551353 801 0$aIT$bsalbc$gISBD 912 $a990000870820203316 951 $a629.25 SAE 910752$b12192 ING$c629.25 SAE 959 $aBK 969 $aTEC 979 $aPATTY$b90$c20020114$lUSA01$h1353 979 $c20020403$lUSA01$h1732 979 $aPATTY$b90$c20020408$lUSA01$h1448 979 $aPATRY$b90$c20040406$lUSA01$h1700 996 $aEffect of load and other parameters on instantaneous friction torque in reciprocating engines$9969265 997 $aUNISA LEADER 00944nam0-2200337---450- 001 990009522140403321 005 20140714161918.0 010 $a978-1-84593-671-6 035 $a000952214 035 $aFED01000952214 035 $a(Aleph)000952214FED01 035 $a000952214 100 $a20120201d2011----km-y0itay50------ba 101 0 $aeng 102 $aUS 105 $aa-------001yy 200 1 $aNatural products in plant pest management$fedited by Nawal K. Dubey 210 $aWallingford$cCABI$dc2011 215 $aXI, 293 p.$cill.$d26 cm 452 0$1001000988291 610 0 $aParassiti$aControllo 610 0 $aPatologia vegetale 676 $a632.96$v22$zita 702 1$aDubey,$bNawal K. 801 0$aIT$bUNINA$gRICA$2UNIMARC 901 $aBK 912 $a990009522140403321 952 $a60 632.96 B 17$b13644$fFAGBC 959 $aFAGBC 996 $aNatural products in plant pest management$9829733 997 $aUNINA